Normal view
MARC view
- Reese, Lymon C.,
Entry Personal Name
001 - CONTROL NUMBER
- control field: 26991
003 - CONTROL NUMBER IDENTIFIER
- control field: NUST
005 - DATE AND TIME OF LATEST TRANSACTION
- control field: 20191216111417.0
008 - FIXED-LENGTH DATA ELEMENTS
- fixed length control field: 191216|| aca||aabn | a|a d
040 ## - CATALOGING SOURCE
- Original cataloging agency: NUST
- Transcribing agency: NUST
100 ## - HEADING--PERSONAL NAME
- Personal name: Reese, Lymon C.,
- Dates associated with a name: 1917-
670 ## - SOURCE DATA FOUND
- Source citation: Work cat.: (NUST)0: Reese, Lymon C., 1917-, Single piles and pile groups under lateral loading /, c2011.
